|
|
|
|
| LEADER |
00000nam0a2200000 4500 |
| 001 |
310808 |
| 005 |
20231102002325.0 |
| 010 |
|
|
|a 9785496019132
|
| 035 |
|
|
|a (RuTPU)RU\TPU\book\336161
|
| 090 |
|
|
|a 310808
|
| 100 |
|
|
|a 20151130d2016 m y0rusy50 ca
|
| 101 |
0 |
|
|a rus
|
| 102 |
|
|
|a RU
|
| 105 |
|
|
|a a j 001zy
|
| 200 |
1 |
|
|a Инженерная графика. Разработка чертежей сварных конструкций
|e учебник
|f Ю. И. Королёв, С. Ю. Устюжанина
|
| 210 |
|
|
|a Санкт-Петербург
|c Питер
|d 2016
|
| 215 |
|
|
|a 224 с.
|c ил.
|
| 225 |
1 |
|
|a Учебник для вузов
|
| 225 |
1 |
|
|a Стандарт третьего поколения
|
| 320 |
|
|
|a Библиогр.: с. 224
|
| 330 |
|
|
|a В книге дается обзор основных неразъемных соединений с акцентом на правила разработки сборочных чертежей изделий, в которых используются соединения сваркой, и в авторской обработке предлагаются оригинальные фрагменты реальных конструкций машиностроительного и строительного производства в качестве практических заданий для конструкторской разработки сборочных чертежей по схеме и краткому описанию изделия. Предлагаемые задания сопровождаются организационно-методическим материалом и примерами выполнения работы. Задания могут выполняться в ручном режиме и с использованием компьютерной графики, а также могут быть начальным материалом для создания собственной базы данных. Допущено научно-методическим советом по начертательной геометрии, инженерной и компьютерной графике Минобрнауки в качестве учебного пособия для студентов высших учебных заведений, обучающихся по направлениям технического профиля.
|
| 606 |
1 |
|
|a Инженерная графика
|2 stltpush
|3 (RuTPU)RU\TPU\subj\39243
|9 59411
|
| 610 |
1 |
|
|a понятия
|
| 610 |
1 |
|
|a неразъемные соединения
|
| 610 |
1 |
|
|a сварные швы
|
| 610 |
1 |
|
|a металлические строительные конструкции
|
| 610 |
1 |
|
|a чертежи
|
| 610 |
1 |
|
|a сварные соединения
|
| 610 |
1 |
|
|a стандарты
|
| 610 |
1 |
|
|a стальные конструкции
|
| 610 |
1 |
|
|a аудиторные работы
|
| 610 |
1 |
|
|a самостоятельные работы
|
| 610 |
1 |
|
|a задания
|
| 610 |
1 |
|
|a учебные пособия
|
| 675 |
|
|
|a 76:621(075.8)
|v 4
|
| 700 |
|
1 |
|a Королёв
|b Ю. И.
|
| 701 |
|
1 |
|a Устюжанина
|b С. Ю.
|
| 801 |
|
1 |
|a RU
|b 63413507
|c 20151130
|
| 801 |
|
2 |
|a RU
|b 63413507
|c 20170324
|g RCR
|
| 942 |
|
|
|c BK
|
| 959 |
|
|
|a 150/20151130
|d 3
|e 0
|f ЧЗТЛ:1
|f УФ:2
|
| 959 |
|
|
|a 32/20160331
|d 3
|e 0
|f ЧЗТЛ:1
|f УФ:2
|